[Event "11th American Continental Women 2018"]
[Site "Envigado"]
[Date "2018.11.18"]
[Round "2.4"]
[White "Marrero Lopez, Yaniet"]
[Black "Roca Rojas, Ana Flavia"]
[Result "1/2-1/2"]
[WhiteElo "2253"]
[BlackElo "2132"]
[Annotator "TA"]
[PlyCount "117"]
[EventDate "2018.11.17"]
[EventType "swiss"]
[EventRounds "9"]
[EventCountry "COL"]
[SourceTitle "playchess.com"]
[Source "ChessBase"]
[SourceQuality "1"]

{[%evp 15,117,10,19,4,13,6,6,-4,-31,-65,18,-39,0,4,61,43,80,39,68,66,108,120,133,147,151,120,120,78,88,0,89,89,89,90,106,93,104,57,121,93,108,115,127,110,121,125,180,188,175,175,148,149,148,95,104,69,117,97,188,183,265,261,175,79,93,100,98,62,74,0,0,0,0,0,9,0,22,0,28,62,74,-5,0,-83,-39,-50,-58,-46,0,0,0,-76,0,-12,0,-54,0,-8,-17,-28,-17,-21,-27,-128]} 1. e4 c5 2. Nf3 d6 3. d4 cxd4 4. Nxd4 Nf6 5. Nc3 a6 6. g3 e5 7. Nf3 {B91: Sicilian Najdorf: 6 g3} (7. Nb3 Be7 8. Bg2 O-O 9. a4 Nc6 10. O-O Nb4 11. a5 Be6 12. Bg5 h6 13. Bxf6 Bxf6 14. Ra4 Nc6 15. Nd5 Rc8 16. c3 g6 17. Nxf6+ Qxf6 18. Qxd6 {½-½ (68) Duda,J (2737)-Grischuk,A (2766) chess.com INT 2018}) 7... Be7 8. Bg2 O-O {LiveBook: 13 Games} 9. a4 {The position is equal.} h6 $146 ({Predecessor:} 9... Nc6 10. O-O Be6 11. Nh4 Nb4 12. Nf5 Bxf5 13. exf5 d5 14. Bg5 e4 {½-½ (68) Ponkratov,P (2601)-Sarana,A (2587) Sochi 2018}) 10. O-O Nc6 11. h3 Be6 12. Nh4 Re8 (12... Nb4 $15) 13. Be3 (13. Nd5 $11) 13... Bf8 14. Nd5 Nd7 (14... Bxd5 $1 $11 15. exd5 Ne7) 15. Nf5 $14 Rc8 16. Qd2 (16. h4 {keeps more tension.} Kh7 17. Bd2 g6 18. Nfe3 h5 19. b3) 16... Bxd5 17. exd5 Na5 18. b3 b6 19. Qe2 Kh8 20. Rac1 Ra8 21. Qg4 Nb7 22. f4 (22. Qf3 $16) 22... Nbc5 (22... g6 $11 {remains equal.}) 23. fxe5 $16 Nxe5 24. Qf4 a5 25. Bd4 Qg5 26. Rce1 Ncd7 (26... g6 $14) 27. Qf2 Rab8 28. Be3 Qd8 29. Nd4 Qc7 30. Nc6 Nxc6 (30... Rbc8 $16 {was called for.} 31. Nxe5 Nxe5) 31. dxc6 $18 Ne5 32. Bd4 $36 {[%mdl 2048] White is on the roll.} Re7 33. Re3 g6 34. Rfe1 (34. h4 $142) 34... Bg7 $16 35. c3 {[%cal Bc2c3,Bc3b4][%mdl 32]} Kg8 36. Bd5 Kh7 (36... b5 $16 {might work better.}) 37. b4 $18 axb4 (37... b5 {was worth a try.}) 38. cxb4 Ra8 39. Rxe5 (39. Ra1 $18) 39... Bxe5 $16 40. Bxb6 Qc8 41. a5 ({Inferior is} 41. Bxf7 Qxh3 42. Bd5 Rxa4 $17) 41... Qxh3 42. Bg2 (42. Re4 $16) 42... Qg4 $1 $11 ({Wrong is} 42... Bxg3 $2 43. Bxh3 Rxe1+ 44. Qxe1 $18) 43. Re4 Qd1+ 44. Kh2 Qh5+ 45. Kg1 Qd1+ 46. Qf1 Qb3 47. Qf3 Qc2 {[#]} 48. c7 (48. b5 $1 $16) 48... Rc8 {Threatens to win with ...f5.} 49. Qf2 (49. Bf1 $11) 49... Qb1+ 50. Qf1 Qb3 {aiming for ...f5.} 51. Qf3 $1 {[%cal Rf3b3]} Qb1+ 52. Qf1 Qb3 (52... Qb2 $11) 53. Qf3 $1 $17 {[%cal Rf3b3]} Qb1+ ({Better is} 53... Qb2 $17 {White should prevent ...f5.} 54. Qe2 Qc1+ 55. Kh2 Rexc7 56. Bxc7 Qxc7) 54. Qf1 $11 Qb3 {And now ...f5 would win.} 55. Qf3 $1 {[%cal Rf3b3]} Qb1+ (55... Qb2 $15) 56. Kh2 Rcxc7 57. Bxc7 Rxc7 58. a6 $1 f5 59. Re3 {Accuracy: White = 41%, Black = 31%.} (59. Rxe5 $11 dxe5 60. Qa3) 1/2-1/2

[Event "11th American Continental Women 2018"]
[Site "Envigado"]
[Date "2018.11.18"]
[Round "2.5"]
[White "Cervantes Landeiro, Thalia"]
[Black "Miranda Rodriguez, Tania"]
[Result "1/2-1/2"]
[WhiteElo "2098"]
[BlackElo "2246"]
[Annotator "TA"]
[PlyCount "60"]
[EventDate "2018.11.17"]
[EventType "swiss"]
[EventRounds "9"]
[EventCountry "COL"]
[SourceTitle "playchess.com"]
[Source "ChessBase"]
[SourceQuality "1"]

{[%evp 27,60,0,0,0,0,0,0,0,0,0,0,0,0,0,0,0,7,7,13,13,10,7,8,7,13,7,7,7,7,7,8,7,7,0,0]} 1. d4 Nf6 2. c4 c5 3. d5 b5 4. cxb5 a6 5. bxa6 g6 6. Nc3 Bg7 7. Nf3 Bxa6 8. g3 d6 9. Bg2 Nbd7 10. O-O Nb6 11. Rb1 Bc4 {A58: Benko/Volga Gambit: Lines with 5 bxa6} 12. Nd2 Bxa2 13. Nxa2 Rxa2 14. Qb3 Ra8 {[#] LiveBook: 7 Games. The position is equal.} 15. Qd3 $146 ({Predecessor:} 15. Qb5+ Nfd7 16. b4 Na4 17. Rb3 Nc3 18. Qd3 cxb4 19. Rxb4 {0-1 (36) Stojanovic,M (2601)-Perunovic,M (2589) Belgrade 2007}) 15... Qc7 16. Nc4 O-O 17. b4 Nxc4 18. Qxc4 Rfb8 19. Bd2 Nd7 20. bxc5 Nxc5 21. Be3 Rxb1 (21... Ra4 {is interesting.} 22. Qc2 Bd4 23. Bh6 Rba8 24. Bf3 Ra2) 22. Rxb1 Ra1 23. Rxa1 Bxa1 24. Be4 Bf6 25. Bc2 Qa5 26. Bxc5 dxc5 27. Bb3 Qc7 28. Kg2 Kg7 29. Ba2 h5 30. h4 Qa7 {Accuracy: White = 74%, Black = 72%.} 1/2-1/2

[Event "11th American Continental Women 2018"]
[Site "Envigado"]
[Date "2018.11.18"]
[Round "2.6"]
[White "Perez Rodriguez, Jennifer"]
[Black "Ortiz Verdesoto, Anahi"]
[Result "1/2-1/2"]
[WhiteElo "2203"]
[BlackElo "2115"]
[Annotator "TA"]
[PlyCount "232"]
[EventDate "2018.11.17"]
[EventType "swiss"]
[EventRounds "9"]
[EventCountry "COL"]
[SourceTitle "playchess.com"]
[Source "ChessBase"]
[SourceQuality "1"]

{[%evp 19,232,43,38,19,41,41,42,30,40,35,60,38,57,13,22,7,15,18,17,13,30,25,27,27,19,0,6,11,50,68,54,47,81,79,75,63,62,61,56,42,52,52,61,60,58,66,61,36,62,57,53,35,34,34,31,35,37,32,59,58,58,50,85,87,117,116,85,114,397,392,367,188,177,94,95,95,89,69,58,0,0,0,0,0,0,0,0,0,1,3,324,324,324,324,324,324,324,324,324,324,324,324,324,324,324,324,324,313,324,324,324,284,277,251,277,279,324,324,341,340,339,339,332,332,331,69,66,0,350,0,324,324,331,321,331,331,324,324,324,80,80,9,9,9,46,46,46,46,46,39,80,80,80,80,80,80,80,80,80,80,80,80,80,0,79,58,80,80,80,80,81,81,81,81,81,81,81,81,81,81,81,81,81,81,81,80,81,80,80,80,80,80,80,74,74,0,58,0,43,0,0,0,0,0,0,0,0,0,0,0,0,0,0,0,0]} 1. e4 e5 2. Nf3 d6 3. d4 exd4 4. Nxd4 Nf6 5. Nc3 Be7 6. g3 O-O 7. Bg2 {C41: Philidor Defence} Re8 8. O-O Bf8 9. h3 c6 (9... Nbd7 10. Re1 c5 11. Nf5 Ne5 12. Bg5 h6 13. Bxf6 Qxf6 14. Nd5 Qd8 {½-½ (32) Oparin,G (2602)-Mamedyarov,S (2799) Moscow 2017}) 10. a4 Na6 {LiveBook: 3 Games} 11. Bf4 Nc5 $146 {[%cal Rf6e4]} ({Predecessor:} 11... g6 12. Qd2 Nd7 13. Rad1 Nac5 14. Bg5 Qb6 {0-1 (57) Van Meegen,R (2110)-Schroeder,J (2508) Maastricht 2016}) 12. Re1 $1 Ne6 13. Nxe6 Bxe6 14. Qd4 Qd7 15. Kh2 b6 16. Rad1 {[%cal Rf4d6]} Rad8 17. Qd3 Qc8 18. Qf1 h6 19. Rd2 d5 20. exd5 Nxd5 21. Nxd5 cxd5 22. Be5 Bd7 23. a5 Bc6 24. axb6 axb6 25. Bd4 Qb7 26. Rxe8 Rxe8 27. Qd3 b5 28. Be3 {[%cal Rg2d5]} Rd8 29. Qd4 Be7 30. Qg4 Qd7 31. Qxd7 Rxd7 32. c3 Bf6 33. Bd4 Be7 34. Rd1 b4 35. Ra1 bxc3 36. bxc3 Bb5 37. Ra8+ Kh7 38. Bf3 Bd3 39. Ra5 Bc4 40. h4 g6 41. Ra8 {[%csl Gd4][%cal Ra8h8] [#]} Bd8 42. Bg4 f5 43. Bd1 {Ba4 is the strong threat.} Bb5 $2 {[%mdl 8192]} (43... Rd6 $16 {keeps fighting.}) 44. h5 gxh5 45. Bxh5 (45. Rb8 $142) 45... Rd6 $18 46. Be5 (46. Kg2 $18) 46... Re6 $16 47. f4 Bf6 48. Bf7 Re7 49. Bxd5 (49. Bg8+ $14 Kg6 50. Bxf6 (50. Bxd5 Bxe5 51. c4 Be8 $11) 50... Kxf6 51. Bxd5) 49... Bxe5 $11 50. fxe5 (50. Ra5 {looks sharper.} Bxf4 51. gxf4 Bd3 52. c4 Re2+ 53. Kg3) 50... Rxe5 $14 {[%mdl 4096] Endgame KRB-KRB} 51. c4 {[#] And now Ra7+ would win.} Be8 52. Rd8 Bh5 53. c5 Re2+ 54. Kg1 Be8 $2 {[%mdl 8192]} (54... Re1+ $11 {and Black is okay.} 55. Kg2 Re2+ 56. Kg1 Re1+ 57. Kf2 Re2+ 58. Kf1 Rc2) 55. c6 $18 Bxc6 56. Bxc6 {KRB-KR} Kg6 57. Rd4 Kg5 58. Rf4 Rd2 59. Bf3 Rb2 60. Kf1 Ra2 61. Be2 Ra1+ 62. Kf2 Ra3 63. Bc4 Ra4 64. Ke2 Ra5 65. Bd3 Re5+ 66. Kf2 Rd5 67. Be2 Ra5 68. Rb4 Ra3 69. Rb5 Kf6 70. Bf1 Ra2+ 71. Ke3 Kg5 72. Be2 $2 (72. Bc4 $18 Ra4 73. Bb3) 72... Ra3+ $14 73. Kf2 (73. Bd3 $14 Kg4 74. Rb6) 73... Kg6 $2 {[%mdl 8192]} (73... Kf6 $1 $11 74. Rb8 Kg5 75. Rg8+ Kf6) 74. Rb4 Kg5 $1 75. Rb8 Rc3 76. Rg8+ Kf6 77. Bh5 Rc2+ 78. Kg1 Ke5 79. Rg6 $2 (79. Rf8 $18) 79... f4 $16 80. g4 (80. gxf4+ $16 Kxf4 81. Rd6) 80... f3 $1 $11 81. g5 hxg5 82. Bxf3 Kf4 83. Bd1 Rd2 84. Bh5 Rb2 85. Kf1 Rh2 86. Be2 Rh3 87. Kg2 Ra3 88. Kf2 Ra2 89. Rb6 Ra4 90. Rf6+ Ke5 91. Rb6 Kf4 92. Rb3 Ra2 93. Rb4+ Kf5 94. Ke3 Kf6 95. Bd3 Rg2 96. Rb6+ Ke5 97. Rb5+ Kf6 98. Kd4 g4 99. Rf5+ Ke6 100. Rf4 g3 101. Rg4 Rg1 102. Be4 Kf6 103. Ke3 Ke5 104. Rg5+ Kf6 105. Rb5 Rf1 106. Rb2 Kg5 107. Rb5+ (107. Rb7 $16) 107... Kg4 (107... Kf6 $1 $11) 108. Rb2 (108. Bg2 $14 Re1+ 109. Kd3) 108... Re1+ 109. Kd4 Kf4 {The position is equal.} 110. Bc6 Rd1+ 111. Kc5 Kg4 112. Bg2 Kf4 113. Kc4 Ke3 114. Bb7 Rd4+ 115. Kc3 Rd3+ 116. Kc4 Rd4+ {Precision: White = 59%, Black = 63%.} 1/2-1/2

[Event "11th American Continental Women 2018"]
[Site "Envigado"]
[Date "2018.11.18"]
[Round "2.7"]
[White "Gonzalez Ochoa, Yoana"]
[Black "Fernandez, Maria Florencia"]
[Result "1/2-1/2"]
[WhiteElo "2058"]
[BlackElo "2198"]
[Annotator "TA"]
[PlyCount "177"]
[EventDate "2018.11.17"]
[EventType "swiss"]
[EventRounds "9"]
[EventCountry "COL"]
[SourceTitle "playchess.com"]
[Source "ChessBase"]
[SourceQuality "1"]

{[%evp 18,177,33,27,49,28,29,32,21,23,31,38,43,30,45,31,31,14,30,27,80,69,91,0,8,0,0,-27,-34,-28,-37,-41,67,68,33,20,17,-232,-234,-215,-8,-7,-4,-7,0,0,8,-22,-7,-14,-6,-138,-147,-132,-57,-49,-77,-147,-134,-127,-135,-157,-141,-140,-36,-36,0,-21,-6,-80,-86,-87,-90,-172,-168,-203,-212,-211,-116,-116,-12,-12,0,-12,0,-12,-12,-32,0,-32,-14,-15,331,-12,-12,-12,-10,-137,-87,-87,-45,-87,-45,-87,-87,-87,-87,-87,-45,-87,-87,-87,0,-87,-87,-87,-87,-87,-45,-45,-45,-45,-45,-45,-45,-45,-45,-45,-45,-45,-45,-45,-45,-45,-45,-45,-45,-45,-45,-45,-45,-45,-45,-45,-45,-45,-16,-45,-45,-45,-45,-45,-45,-45,-45,-45,0,-13,-11,-11,0,-45]} 1. e4 d6 2. d4 Nf6 3. Nc3 g6 4. Nf3 Bg7 5. h3 O-O 6. Be3 c6 7. a4 a5 8. Bd3 {B08: Pirc Defence: Classical System} Na6 (8... Qc7 9. O-O e5 10. Re1 Re8 11. Bc4 exd4 12. Bxd4 Nbd7 13. Ng5 Re7 14. Ba2 h6 15. Nf3 Re8 {½-½ (87) Zhigalko,S (2641)-Andriasian,Z (2585) Riadh 2017}) 9. O-O Nb4 10. Be2 {LiveBook: 6 Games. White is slightly better.} Re8 $146 ({Predecessor:} 10... Qc7 11. Nd2 Nd7 12. f4 Nb6 13. Kh1 f5 14. e5 Be6 15. Bg1 Rad8 {0-1 (66) Khalesi,V (2217)-Stopa,J (2528) Sowme'eh Sara 2015}) 11. Nd2 e5 12. dxe5 $1 dxe5 13. Ncb1 Be6 14. Na3 Qe7 15. c3 Na6 16. Qc2 Nc5 17. Rfb1 Nfd7 18. Nac4 Bxc4 (18... Bf8 $11) 19. Nxc4 $16 Ne6 20. b4 ({White should try} 20. Rd1 $16) 20... axb4 $11 21. Rxb4 b5 22. Nb6 Nxb6 23. Bxb6 Nd4 24. Qb2 c5 (24... Bf8 $15) 25. Rxb5 $1 $14 Nxb5 26. Bxb5 Reb8 27. Bc6 $2 {[#]} (27. a5 $11) 27... Ra5 $1 $19 {[%mdl 576] Pin} 28. Rb1 (28. Bxa5 Rxb2) 28... Qf6 $2 (28... Qd6 $19 29. Bd5 Rxa4 30. Bxf7+ {[%mdl 64] Decoy} Kxf7 31. Qb3+ Kf6 32. Qxa4 Rxb6) 29. Bd5 $1 $11 Rxa4 {aiming for ...Ra6.} 30. Qc2 $1 {[%cal Rc2a4]} Ra6 31. Bxc5 Qd8 32. Rd1 Qc7 $36 {[%mdl 2048] Black fights for an advantage.} 33. Qe2 Rf6 34. Bb4 (34. Be3 $1 $11 {was the only way to keep the balance.}) 34... Bf8 $17 35. Bxf8 Rxf8 (35... Kxf8 $17 36. Qd2 Kg7) 36. c4 $15 Rb8 37. Ra1 (37. Qe3 $142) 37... Kg7 38. Qe3 {[#]} Rb2 $1 39. Ra7 Qb8 40. f3 Rb3 (40... Qb4 $17 41. Rb7 Qa4 42. Rxb2 Qa1+ {[%mdl 64] Double Attack} 43. Kh2 Qxb2) 41. Qc5 Rc3 42. Kh2 Rc2 43. Ra8 (43. Rb7 $11 Qf8 44. Qe3) 43... Qd6 $17 44. Qxd6 Rxd6 {[%mdl 4096] Endgame KRR-KRB} 45. Ra7 (45. Re8 $17) 45... Rf6 $19 46. Kg1 h5 47. h4 {[#]} Kh6 (47... Rf4 $1 $19 48. Rb7 Rxh4 49. Bxf7 Kf6) 48. Rxf7 $17 Ra6 ({Black should play} 48... Rb6 $17 {Strongly threatening ...Rb1+.} 49. f4 Rb1+ 50. Kh2 exf4 51. Rxf4 Re1) 49. c5 $1 $11 Ra1+ 50. Kh2 Re1 {White must now prevent ...Ree2.} 51. Be6 Rxc5 (51... Ree2 {feels hotter.} 52. Bh3 Rxc5 53. Re7 Rec2 54. Kg3 R2c3) 52. Kg3 Rd1 53. Bh3 Rd6 54. Re7 g5 $2 {[%mdl 8192]} (54... Rdc6 $11) 55. hxg5+ $2 (55. Bf5 $18 {[%csl Gf5][%cal Re7h7]} Rg6 56. Bxg6 gxh4+ 57. Kxh4 Kxg6 58. Re6+ Kf7 59. Rh6) 55... Kxg5 {...h4+ is the strong threat.} 56. Rg7+ Rg6 57. Rxg6+ (57. Rf7 $11 {remains equal.}) 57... Kxg6 {KR-KB} 58. Kh4 Rc3 59. Bd7 Kh6 60. Be6 Rc6 61. Bf5 Rc1 62. Bh3 Rf1 63. Bf5 Rh1+ 64. Bh3 Rf1 65. Bf5 Rf2 66. Bh3 Rc2 67. g4 Rc3 68. g5+ Kg6 69. Bf5+ Kg7 70. Kxh5 Rxf3 71. Kg4 Rf1 72. Kh5 Rf4 73. Bg6 Kf8 74. Bf5 Kf7 75. Bg6+ Kg7 76. Bf5 Rf2 77. Kg4 Re2 78. Kh5 Rg2 79. Kh4 Rh2+ 80. Kg4 Rh1 81. Bd7 Rd1 82. Be6 Kg6 {Threatens to win with ...Rg1+.} 83. Bf5+ Kf7 84. Kh5 Rg1 85. Kh4 Rf1 86. Kh5 Rf4 87. Bg6+ {The position is equal.} Kg8 88. Bf5 Kg7 89. Bg6 {Accuracy: White = 52%, Black = 42%.} 1/2-1/2

[Event "11th American Continental Women 2018"]
[Site "Envigado"]
[Date "2018.11.18"]
[Round "2.8"]
[White "Aliaga Fernandez, Ingrid Y"]
[Black "Cori T., Deysi"]
[Result "1/2-1/2"]
[WhiteElo "2194"]
[BlackElo "2406"]
[Annotator "TA"]
[PlyCount "55"]
[EventDate "2018.11.17"]
[EventType "swiss"]
[EventRounds "9"]
[EventCountry "COL"]
[SourceTitle "playchess.com"]
[Source "ChessBase"]
[SourceQuality "1"]

{[%evp 27,55,17,29,0,0,0,17,0,0,0,0,0,0,0,0,0,0,-9,-5,0,0,-21,-16,-19,-17,-22,-10,-24,0,-14]} 1. e4 e5 2. Nf3 Nf6 3. Nxe5 d6 4. Nf3 Nxe4 5. d4 d5 6. Bd3 Be7 7. O-O Nc6 8. c4 Nb4 9. Be2 O-O 10. Nc3 Bf5 11. a3 Nxc3 12. bxc3 Nc6 13. cxd5 Qxd5 14. Bf4 Rac8 {LiveBook: 47 Games. C42: Petroff Defence: 3 Nxe5 and unusual White 3rd moves} 15. c4 (15. Re1 Rfe8 16. h3 h6 17. Nd2 Na5 18. Bf3 Qd7 19. Nb3 Nxb3 20. Qxb3 c6 21. Be5 b5 22. a4 {½-½ (33) Ni,H (2646)-Wang,Y (2706) China 2013}) 15... Qe4 16. Be3 Bf6 17. Ra2 Na5 $146 ({Predecessor:} 17... Rfd8 18. d5 Na5 19. Qa4 b6 20. Nd2 Qe7 21. Re1 c6 22. Bf3 {½-½ (22) Stachanczyk,J (2306)-Tukubayev,K (2165) Albena 2015}) 18. Qa4 b6 19. Rd2 Rfe8 20. Rfd1 h6 21. h3 Rcd8 22. Qb4 Qb7 23. d5 Qc8 24. Nh2 c5 25. dxc6 Rxd2 26. Rxd2 Nxc6 27. Qa4 $1 Bc3 28. Rd1 {Accuracy: White = 64%, Black = 69%.} 1/2-1/2

[Event "11th American Continental Women 2018"]
[Site "Envigado"]
[Date "2018.11.18"]
[Round "2.9"]
[White "Cordero, Daniela"]
[Black "Cosme Contreras, Trilce"]
[Result "0-1"]
[WhiteElo "2085"]
[BlackElo "1829"]
[Annotator "NA RC"]
[PlyCount "91"]
[EventDate "2018.11.17"]
[EventType "swiss"]
[EventRounds "9"]
[EventCountry "COL"]
[SourceTitle "playchess.com"]
[Source "ChessBase"]
[SourceQuality "1"]
[TimeControl "40/5400+30:1800+30"]

1. d4 Nf6 2. Nf3 g6 3. c4 Bg7 4. g3 O-O 5. Bg2 d6 6. O-O Nc6 7. d5 Na5 8. Nfd2 c5 9. a3 b6 10. b4 Nb7 11. Bb2 a6 12. Nc3 Bd7 13. h3 b5 14. Re1 Rc8 15. cxb5 axb5 16. Rc1 Qb6 17. Qb3 Nh5 18. e3 f5 19. Ne2 Nf6 20. Nf4 Kh8 21. e4 g5 22. Ne6 Bxe6 23. dxe6 c4 24. Qc2 fxe4 25. Nxe4 Nxe4 26. Bxg7+ Kxg7 27. Bxe4 h6 28. Qc3+ Rf6 29. Re2 Rcf8 30. Bd5 Nd8 31. Rcc2 Nc6 32. Bxc6 Qxc6 33. Re3 Kh7 34. Qd4 Qb7 35. a4 bxa4 36. Qxc4 Qb6 37. Qe4+ Kg7 38. Ra2 d5 39. Qe5 d4 40. Rf3 Qxb4 41. Raa3 Rc8 42. Rxf6 exf6 43. Qd5 Rc7 44. Qd8 Ra7 45. Rf3 Re7 46. Qd5 0-1

[Event "11th American Continental Women 2018"]
[Site "Envigado"]
[Date "2018.11.18"]
[Round "2.10"]
[White "Gomez Guardo, Laura Meli"]
[Black "Castrillon Gomez, Melissa"]
[Result "1/2-1/2"]
[WhiteElo "1842"]
[BlackElo "2301"]
[Annotator "TA"]
[PlyCount "91"]
[EventDate "2018.11.17"]
[EventType "swiss"]
[EventRounds "9"]
[EventCountry "COL"]
[SourceTitle "playchess.com"]
[Source "ChessBase"]
[SourceQuality "1"]

{[%evp 19,91,58,85,75,110,89,180,179,179,47,139,151,241,191,218,218,221,214,234,229,251,158,175,126,135,125,125,109,115,118,133,145,128,55,100,106,244,264,256,236,386,373,400,388,393,189,531,535,629,629,623,612,1361,1311,1627,1601,1576,1437,1637,1567,1582,1559,1908,1972,2516,1451,1303,875,932,714,747,0,821,739]} 1. d4 Nf6 2. c4 c5 3. d5 b5 4. cxb5 a6 5. bxa6 g6 6. Nc3 {A58: Benko/Volga Gambit: Lines with 5 bxa6} Bg7 7. a7 Rxa7 8. e4 O-O 9. Nf3 d6 10. Be2 Ba6 {LiveBook: 23 Games} 11. O-O Nfd7 {[%cal Bf6d7,Bd7e5,Be5d3][%mdl 32]} 12. a4 c4 $146 (12... Bxe2 $16 13. Qxe2 Na6) ({Predecessor:} 12... Nb6 13. Bxa6 Nxa6 {0-1 (37) Sychev,K (2414)-Dubov,D (2661) Moscow 2015}) 13. Nd4 $18 Rb7 14. Nc6 ({White should play} 14. Ncb5 $18) 14... Qe8 (14... Qb6 $1 $14) 15. Na5 $16 Rc7 (15... Rb6 $16 {was called for.} 16. Nb5 (16. Nxc4 Rb4 $16) (16. Bxc4 Bxc4 17. Nxc4 Rb4 $16) 16... Bxb5) 16. Be3 Ne5 17. Qd2 Nd3 18. Ra3 f5 19. exf5 gxf5 20. Bxd3 cxd3 21. Rc1 Qf7 22. b4 f4 23. Bb6 Rxc3 24. Raxc3 Bxc3 25. Rxc3 {Threatens to win with b5.} Nd7 26. Ba7 (26. Bd4 $16 {Black must now prevent b5.} Qxd5 27. Nc6) 26... Qxd5 {[#]} 27. Nc6 $1 $36 {[%cal Rc6e7][%mdl 2048] White has strong initiative.} Rf7 (27... Qe6 $16) 28. b5 $18 {[%cal Bb4b5,Bb5c6,Bc6c7][%mdl 32]} Bb7 {...Ne5 is the strong threat.} 29. Qxd3 Qe6 (29... Nf6 {is a better defense.} 30. Qc2 Qg5) 30. Qf1 Rf8 {Black hopes to continue with ...Ra8.} 31. a5 Ne5 32. a6 (32. Nxe5 $142 Qxe5 33. Rc7) 32... Bxc6 $2 (32... Nxc6 33. axb7 (33. bxc6 Bxa6 34. Qc1 f3 $16) 33... Nxa7) 33. bxc6 d5 34. c7 Nc4 35. Qa1 Ra8 36. Rb3 {[#] Strongly threatening Rb8+.} Kf7 37. Rb8 Qc6 38. Rxa8 Qxa8 39. Bb8 Nb6 40. h3 Qc6 41. Qb1 f3 42. Qxh7+ Ke8 43. Qg8+ Kd7 44. Qd8+ Ke6 45. Qg8+ Kd7 46. Qg4+ {[%mdl 32768] Precision: White = 64%, Black = 26%. . An unexpected result.} 1/2-1/2

[Event "11th American Continental Women 2018"]
[Site "Envigado"]
[Date "2018.11.18"]
[Round "2.11"]
[White "Moncada Correa, Sara"]
[Black "Besso, Guadalupe"]
[Result "0-1"]
[WhiteElo "1792"]
[BlackElo "2069"]
[Annotator "NA RC"]
[PlyCount "140"]
[EventDate "2018.11.17"]
[EventType "swiss"]
[EventRounds "9"]
[EventCountry "COL"]
[SourceTitle "playchess.com"]
[Source "ChessBase"]
[SourceQuality "1"]
[TimeControl "40/5400+30:1800+30"]

1. d4 Nf6 2. c4 g6 3. Nf3 Bg7 4. g3 O-O 5. Bg2 c6 6. Nc3 d5 7. cxd5 Nxd5 8. O-O Nxc3 9. bxc3 Nd7 10. e4 c5 11. Qe2 cxd4 12. cxd4 Nb6 13. Be3 Bd7 14. Rac1 a6 15. Rfe1 Bb5 16. Qb2 Nc4 17. Qb3 Nxe3 18. Qxe3 Qa5 19. Rc2 Rac8 20. Rec1 Rxc2 21. Rxc2 Rd8 22. Bf1 Bxf1 23. Kxf1 Qa4 24. Qb3 Qd7 25. Kg2 b5 26. Rc5 e6 27. d5 Qe7 28. Rc6 exd5 29. exd5 Qe4 30. Rxa6 Rxd5 31. Ra8+ Bf8 32. Qe3 Qxe3 33. fxe3 Kg7 34. Kf2 Rd3 35. Ke2 Rc3 36. Nd4 b4 37. Ra7 Kf6 38. Kf3 Bc5 39. Ra6+ Kg7 40. Ke4 h5 41. Ra4 Bf8 42. Ra7 Kf6 43. Ra5 Bh6 44. Ra6+ Kg7 45. Rb6 Rxe3+ 46. Kd5 Ra3 47. Rxb4 Rxa2 48. Nf3 Re2 49. Rb3 Bc1 50. Rc3 Bb2 51. Rb3 Kh6 52. Rb7 f6 53. Rb3 g5 54. h3 g4 55. hxg4 hxg4 56. Nh4 Be5 57. Nf5+ Kg5 58. Ng7 Rg2 59. Ne6+ Kg6 60. Nf4+ Bxf4 61. gxf4 Kf5 62. Rb6 Rf2 63. Kd4 Rxf4+ 64. Ke3 Rf3+ 65. Ke2 Kg5 66. Rb8 f5 67. Rh8 Kf4 68. Rf8 Kg3 69. Rg8 Ra3 70. Rf8 f4 0-1

[Event "11th American Continental Women 2018"]
[Site "Envigado"]
[Date "2018.11.18"]
[Round "2.12"]
[White "Ocampo, Cristina"]
[Black "Munoz Monroy, Cinthya Carolina"]
[Result "1/2-1/2"]
[WhiteElo "1771"]
[BlackElo "2032"]
[Annotator "NA RC"]
[PlyCount "80"]
[EventDate "2018.11.17"]
[EventType "swiss"]
[EventRounds "9"]
[EventCountry "COL"]
[SourceTitle "playchess.com"]
[Source "ChessBase"]
[SourceQuality "1"]
[TimeControl "40/5400+30:1800+30"]

1. e4 e5 2. Nf3 Nc6 3. Bb5 f5 4. d3 fxe4 5. dxe4 Nf6 6. Bg5 Bc5 7. O-O d6 8. Nc3 O-O 9. Na4 Bb6 10. Nxb6 axb6 11. c3 Qe8 12. Nd2 Qg6 13. Bxf6 Rxf6 14. f3 Ne7 15. Qe1 Qg5 16. Rd1 Ng6 17. Rf2 Nf4 18. Kh1 Rh6 19. Nf1 Be6 20. b3 Rf8 21. Rfd2 Rff6 22. Qe3 Rfg6 23. Qf2 Nh5 24. Be8 Bf7 25. Bxf7+ Kxf7 26. Rc2 Qf4 27. g4 Nf6 28. Qe3 Nd7 29. Qxf4+ exf4 30. Rf2 Ne5 31. Rd4 Rh4 32. Nd2 h5 33. gxh5 Rxh5 34. Nc4 Nc6 35. Rd1 b5 36. Nb2 Ne5 37. Nd3 Nxd3 38. Rxd3 Rhg5 39. Rd1 Ke6 40. Rfd2 Rh6 1/2-1/2

[Event "11th American Continental Women 2018"]
[Site "Envigado"]
[Date "2018.11.18"]
[Round "2.13"]
[White "Caballero Quijano, Mitzy Mishell"]
[Black "Hoyos Garces, Rosana"]
[Result "1-0"]
[WhiteElo "1992"]
[BlackElo "1586"]
[Annotator "NA RC"]
[PlyCount "63"]
[EventDate "2018.11.17"]
[EventType "swiss"]
[EventRounds "9"]
[EventCountry "COL"]
[SourceTitle "playchess.com"]
[Source "ChessBase"]
[SourceQuality "1"]
[TimeControl "40/5400+30:1800+30"]

1. d4 d5 2. Nf3 e6 3. c4 Be7 4. g3 Nf6 5. Bg2 O-O 6. O-O Nbd7 7. b3 b6 8. cxd5 exd5 9. Bb2 Bb7 10. Nc3 Re8 11. Rc1 Ne4 12. Nd2 Bg5 13. Ncxe4 dxe4 14. e3 c5 15. Nc4 Qe7 16. Qe2 Ba6 17. Rfd1 Bf6 18. Ba3 Qe6 19. dxc5 Nxc5 20. Bxc5 bxc5 21. Qh5 Be7 22. Bh3 Qf6 23. Qf5 Qh6 24. Ne5 Rf8 25. Bg2 Bb7 26. Bxe4 g6 27. Qf3 Bxe4 28. Qxe4 Rfe8 29. Qd5 Qg7 30. Nc6 Bf8 31. e4 a5 32. Rc4 1-0